Ulice Nowego Targu (z mapą) - Statystyki

Ogólne statystyki
  • Ten quiz został rozwiązany 182 razy
    86 od ostatniego zresetowania
  • Średni wynik to 32 z 128
Odpowiedzi na mapie
Odpowiedzi zakodowano w zielono-czerwonej skali na mapie do tego quizu, zgodnie z poniższymi procentami.
 
Statystyki odpowiedzi
Odpowiedź % Poprawnych
ul. Krakowska
72%
ul. Długa
64%
ul. Krótka
64%
ul. Jana Pawła II
60%
ul. Polna
56%
ul. Rynek
56%
ul. Kwiatowa
52%
ul. Adama Mickiewicza
48%
ul. Kolejowa
48%
ul. Słoneczna
48%
ul. Szaflarska
48%
ul. Waksmundzka
48%
ul. Wojska Polskiego
48%
ul. Kowaniec
44%
ul. Ludźmierska
44%
ul. Szkolna
44%
Droga Krajowa 47
40%
ul. Kazimierza Wielkiego
40%
ul. Szpitalna
40%
al. Tysiąclecia
36%
os. Bór
36%
ul. Kościelna
36%
ul. Ogrodowa
36%
ul. Podhalańska
36%
ul. św. Anny
36%
ul. Władysława Sikorskiego
36%
al. Mikołaja Kopernika
32%
ul. Gorczańska
32%
ul. Tadeusza Kościuszki
32%
ul. Zielona
32%
os. Buflak
28%
os. Niwa
28%
ul. Akacjowa
28%
ul. Grel
28%
ul. Jana III Sobieskiego
28%
ul. Klikuszówka
28%
ul. Kokoszków
28%
ul. Parkowa
28%
ul. Partyzantów
28%
ul. Sokoła
28%
ul. Zygmunta Krasińskiego
28%
al. Solidarności
24%
os. Nowe
24%
os. Polana Szaflarska
24%
os. Zadział
24%
ul. Ceramiczna
24%
ul. Cypriana Kamila Norwida
24%
ul. Królowej Jadwigi
24%
ul. Krzywa
24%
ul. Marii Pajerskiej
24%
ul. Podtatrzańska
24%
ul. Przemysłowa
24%
ul. Skotnica
24%
ul. Smrekowa
24%
ul. św. Doroty
24%
ul. św. Kingi
24%
ul. Targowa
24%
ul. Willowa
24%
os. Bereki
20%
os. Gazdy
20%
os. Marfiana Góra
20%
os. Na Skarpie
20%
os. Oleksówki
20%
os. Robów
20%
os. Szuflów
20%
os. Topolowe
20%
os. Wincentego Witosa
20%
ul. Andrzeja Galicy
20%
ul. gen. Stanisława Maczka
20%
ul. Grel Boczna
20%
ul. Jana Kasprowicza
20%
ul. Jana Kilińskiego
20%
ul. Jaśminowa
20%
ul. Kokoszków Boczna
20%
ul. Lotników
20%
ul. Nadwodnia
20%
ul. Na Równi
20%
ul. Po Wale
20%
ul. Przywodzie
20%
ul. Sądowa
20%
ul. Składowa
20%
ul. Skotnica Górna
20%
ul. Starokrakowska
20%
ul. św. Katarzyny
20%
ul. Szewska
20%
ul. Ustronie
20%
ul. Ustronie Górne
20%
ul. Władysława Orkana
20%
ul. Zacisze
20%
os. Konfederacji Tatrzańskiej
16%
os. Michała Rekuckiego
16%
os. Tetmajera
16%
ul. Augustyna Suskiego
16%
ul. Bolesława Wstydliwego
16%
ul. Brzozowa
16%
ul. Bulwarowa
16%
ul. Harcerska
16%
ul. Jakuba Zachemskiego
16%
ul. Jana Kazimierza
16%
ul. Kotlina
16%
ul. Ku Studzionkom
16%
ul. Majora Stanisława Mroszczaka
16%
ul. Mikołaja Halikowskiego
16%
ul. Miodowa
16%
ul. Plac Słowackiego
16%
ul. Przechodnia
16%
ul. św. Brata Alberta
16%
ul. Widok
16%
ul. Władysława Łokietka
16%
ul. Zalewowa
16%
os. Jana Bednarskiego
12%
ul. Legionów Józefa Piłsudskiego
12%
ul. Młynówka
12%
ul. Nad Czerwonką
12%
ul. Nadmłynówka
12%
ul. Roberta Schumana
12%
ul. Spokojna
12%
ul. Zygmunta Lubertowicza
12%
ul. Kolorowa
8%
ul. Pod Brzegiem
8%
ul. Powstańców Śląskich
8%
ul. Stanisława Józefczaka
8%
ul. Stanisława Krzystyniaka
8%
ul. Stawiska
8%
ul. Studzienna
8%
ul. Sybiraków
8%
os. Bohaterów Tobruku
4%
os. Podmieścisko
4%
Nie znaleziono quizów pasujących do podanych kryteriów
Rozkład punktacji
Procent ludzi z każdym wynikiem
Percentyl według liczby udzielonych odpowiedzi
Twoja historia wyników
Nie rozwiązałeś tego quizu od ostatniego zresetowania